000 00689nam a22002177a 4500
003 OSt
005 20240626100635.0
008 240626b |||||||| |||| 00| 0 eng d
020 _a0521658403
040 _cMUST
082 _a618.9 SPE 2001
100 _4edited by Alan S. Kaufman
245 _aSpecific learning disabilities in children and adolescents
_b: Psychological assessment and evaluation
260 _aNewyork
_b: Cambridge University press
_c@ 2001
300 _axvi,467p.
_b: ill
_c; 25 cm
504 _aincludes index
650 _2Learning disabilities- treatment
650 _2Learning disabled children
700 _aKaufman, Nadeen L
_917916
942 _2ddc
_cO_SHELF
999 _c8870
_d8870